[Event "Titled Tuesday intern op 08th Aug Late"]
[Site "Chess.com INT"]
[Date "2023.08.08"]
[Round "3"]
[White "Gajwa, Ankit"]
[Black "Clawitter, Craig"]
[Result "1-0"]
[WhiteElo "2245"]
[BlackElo "2050"]
[PlyCount "51"]
[EventDate "2023.08.08"]
[EventType "swiss (blitz)"]
[EventRounds "11"]
[EventCountry "USA"]
[SourceTitle "EXT 2024"]
[Source "ChessBase"]
[SourceDate "2023.10.10"]
[SourceVersion "1"]
[SourceVersionDate "2023.10.10"]
[SourceQuality "1"]

1. e4 e6 2. d4 d5 3. Nc3 Bb4 4. e5 c5 5. a3 Bxc3+ 6. bxc3 Ne7 7. Qg4 Qc7 8. Bd3 c4 9. Bf1 Qa5 10. Bd2 Nf5 11. Qf4 Qa4 12. g4 Ne7 13. Kd1 Nbc6 14. Ne2 Bd7 15. Bg2 f6 16. exf6 0-0 17. g5 gxf6 18. gxf6 Ng6 19. Qg5 Rf7 20. Nf4 Raf8 21. Nxg6 hxg6 22. Qxg6+ Kh8 23. Qh6+ Kg8 24. Be4 dxe4 25. Rg1+ Rg7 26. Rxg7# 1-0

[Event "Titled Tuesday intern op 08th Aug Late"]
[Site "Chess.com INT"]
[Date "2023.08.08"]
[Round "9"]
[White "Gajwa, Ankit"]
[Black "Moral Garcia, Serafin"]
[Result "0-1"]
[WhiteElo "2245"]
[BlackElo "2250"]
[PlyCount "156"]
[EventDate "2023.08.08"]
[EventType "swiss (blitz)"]
[EventRounds "11"]
[EventCountry "USA"]
[SourceTitle "EXT 2024"]
[Source "ChessBase"]
[SourceDate "2023.10.10"]
[SourceVersion "1"]
[SourceVersionDate "2023.10.10"]
[SourceQuality "1"]

1. e4 e5 2. Nf3 Nc6 3. Bb5 a6 4. Ba4 Nf6 5. 0-0 Be7 6. Re1 b5 7. Bb3 d6 8. c3 0-0 9. h3 Na5 10. Bc2 c5 11. d4 Nd7 12. d5 Nb6 13. Nbd2 f5 14. exf5 Bxf5 15. Bxf5 Rxf5 16. Ne4 Qd7 17. Nh2 Raf8 18. Ng4 Qb7 19. Ne3 Rf4 20. f3 R4f7 21. b3 Qc7 22. Bd2 c4 23. b4 Nb7 24. Qc2 Nd8 25. Red1 g6 26. Ng4 Kh8 27. Bh6 Re8 28. Be3 Rff8 29. Qf2 Na4 30. Bh6 Rf7 31. Qe3 Bf8 32. Bg5 Be7 33. Bh6 Bf8 34. Ng5 Rf5 35. Bxf8 Rexf8 36. Nh6 Rf4 37. g3 R4f6 38. Ng4 Rf5 39. Nh6 R5f6 40. Rf1 Qb6 41. Qxb6 Nxb6 42. Rad1 Re8 43. Kg2 Kg7 44. Ng4 Rff8 45. Ne4 Nf7 46. Ngf6 Rd8 47. Ng4 Nh6 48. Nxh6 Kxh6 49. h4 Kg7 50. g4 h6 51. g5 hxg5 52. hxg5 Rf5 53. Rh1 Rdf8 54. Rh3 Rh8 55. Rg3 Rd8 56. Nf6 Rh8 57. Ne4 Rd8 58. Rg4 Rf4 59. Rxf4 exf4 60. Kh3 Rf8 61. Nxd6 Rd8 62. Nb7 Rxd5 63. Re1 Rd3 64. Kg4 Rxc3 65. Re7+ Kf8 66. Re6 Nd5 67. Nd6 Nxb4 68. Re8+ Kg7 69. Re7+ Kf8 70. Re8+ Kg7 71. Ne4 Re3 72. Re7+ Kf8 73. Re6 Nxa2 74. Kxf4 Re2 75. Ke5 c3 76. Kf6 c2 77. Rc6 Ke8 78. Ke6 c1Q 0-1

[Event "Titled Tuesday intern op 29th Nov Late"]
[Site "Chess.com INT"]
[Date "2022.11.29"]
[Round "2"]
[White "Abdrlauf, Elham"]
[Black "Gajwa, Ankit"]
[Result "1-0"]
[WhiteElo "2504"]
[BlackElo "2245"]
[PlyCount "119"]
[EventDate "2022.11.29"]
[EventType "swiss (blitz)"]
[EventRounds "11"]
[EventCountry "USA"]
[SourceTitle "EXT 2024"]
[Source "ChessBase"]
[SourceDate "2023.10.10"]
[SourceVersion "1"]
[SourceVersionDate "2023.10.10"]
[SourceQuality "1"]

1. e4 c5 2. Nf3 d6 3. d4 cxd4 4. Nxd4 Nf6 5. Nc3 g6 6. Be3 Bg7 7. f3 0-0 8. Qd2 Nc6 9. 0-0-0 d5 10. Kb1 Nxd4 11. Bxd4 dxe4 12. fxe4 Be6 13. Be2 Qc7 14. Bf3 Rfd8 15. Nd5 Nxd5 16. Bxg7 Ne3 17. Qxe3 Kxg7 18. h4 Rxd1+ 19. Rxd1 Rd8 20. Rxd8 Qxd8 21. Qxa7 Qd2 22. b3 b5 23. Qc5 b4 24. Qxe7 Qe1+ 25. Kb2 Qc3+ 26. Kc1 Qe1+ 27. Bd1 Qe3+ 28. Kb1 Qd2 29. Kb2 Qxd1 30. Qxb4 Qe2 31. a4 Qa6 32. c4 Qc6 33. c5 f5 34. Qc3+ Kf7 35. exf5 Qxg2+ 36. Ka3 gxf5 37. c6 f4 38. c7 Qb7 39. Qd3 f3 40. Qxh7+ Kf6 41. Qc2 Ke7 42. h5 f2 43. c8Q Qxc8 44. Qxf2 Qc3 45. Qa7+ Kf6 46. Qf2+ Ke7 47. Qa7+ Kf8 48. Qb8+ Kg7 49. Qb6 Qa1+ 50. Kb4 Qe1+ 51. Kc5 Qe3+ 52. Kc6 Bd5+ 53. Kc7 Qe6 54. Qxe6 Bxe6 55. b4 Bc4 56. b5 Kh6 57. b6 Ba6 58. b7 Bxb7 59. Kxb7 Kxh5 60. a5 1-0

[Event "Titled Tuesday intern op 27th Sep Early"]
[Site "Chess.com INT"]
[Date "2022.09.27"]
[Round "6"]
[White "Diaz Perez, Michel Alejandro"]
[Black "Gajwa, Ankit"]
[Result "1-0"]
[WhiteElo "2433"]
[BlackElo "2245"]
[PlyCount "37"]
[EventDate "2022.09.27"]
[EventType "swiss (blitz)"]
[EventRounds "11"]
[EventCountry "USA"]
[SourceTitle "CBM 210 Extra"]
[Source "ChessBase"]
[SourceDate "2022.11.30"]
[SourceVersion "1"]
[SourceVersionDate "2022.11.30"]
[SourceQuality "1"]

1. Nf3 Nf6 2. g3 g6 3. Bg2 Bg7 4. 0-0 0-0 5. c4 d6 6. d4 Nbd7 7. Nc3 e5 8. Re1 c6 9. e4 exd4 10. Nxd4 Re8 11. h3 a5 12. Be3 Nc5 13. Qc2 Qe7 14. Rad1 Nfxe4 15. Nxe4 Nxe4 16. Bxe4 Qxe4 17. Bd2 Qxd4 18. Rxe8+ Bf8 19. Rxf8+ 1-0

[Event "Titled Tuesday intern op 27th Sep Early"]
[Site "Chess.com INT"]
[Date "2022.09.27"]
[Round "2"]
[White "Gajwa, Ankit"]
[Black "Fernandez, Gerardo"]
[Result "1-0"]
[WhiteElo "2245"]
[BlackElo "2169"]
[PlyCount "59"]
[EventDate "2022.09.27"]
[EventType "swiss (blitz)"]
[EventRounds "11"]
[EventCountry "USA"]
[SourceTitle "CBM 210 Extra"]
[Source "ChessBase"]
[SourceDate "2022.11.30"]
[SourceVersion "1"]
[SourceVersionDate "2022.11.30"]
[SourceQuality "1"]

1. e4 e6 2. d4 d5 3. Nc3 Nc6 4. Nf3 Nf6 5. Bd3 Bb4 6. exd5 exd5 7. 0-0 0-0 8. Bg5 Be7 9. h3 Be6 10. Re1 Re8 11. Ne2 Ne4 12. Bxe7 Qxe7 13. Nf4 f5 14. Bb5 Qf6 15. Bxc6 bxc6 16. Ne5 Bf7 17. Re3 c5 18. c3 cxd4 19. cxd4 c5 20. Nxf7 cxd4 21. Rd3 Qxf7 22. Rxd4 Rab8 23. b3 Nc3 24. Qd3 Rbc8 25. Rc1 Ne2+ 26. Nxe2 Rxc1+ 27. Nxc1 Re1+ 28. Kh2 Qc7+ 29. f4 Qxf4+ 30. Rxf4 1-0

[Event "Titled Tuesday intern op 27th Sep Early"]
[Site "Chess.com INT"]
[Date "2022.09.27"]
[Round "3"]
[White "Gajwa, Ankit"]
[Black "Kodinets, Konstantin L"]
[Result "1/2-1/2"]
[WhiteElo "2245"]
[BlackElo "2409"]
[PlyCount "124"]
[EventDate "2022.09.27"]
[EventType "swiss (blitz)"]
[EventRounds "11"]
[EventCountry "USA"]
[SourceTitle "CBM 210 Extra"]
[Source "ChessBase"]
[SourceDate "2022.11.30"]
[SourceVersion "1"]
[SourceVersionDate "2022.11.30"]
[SourceQuality "1"]

1. e4 e5 2. Nf3 d6 3. d4 exd4 4. Nxd4 Nf6 5. Nc3 Be7 6. Bc4 0-0 7. 0-0 Nc6 8. Bb3 Na5 9. Bg5 h6 10. Bh4 a6 11. Re1 g5 12. Bg3 c5 13. Nf3 c4 14. Ba4 b5 15. b4 Nc6 16. Nxb5 axb5 17. Bxb5 Nxb4 18. Bxc4 Be6 19. Bxe6 fxe6 20. c3 Na6 21. Nd4 Qc8 22. h4 Nc5 23. hxg5 hxg5 24. e5 dxe5 25. Rxe5 Kf7 26. Rxg5 Nce4 27. Re5 Nxg3 28. fxg3 Qxc3 29. Rc1 Qxg3 30. Rxe6 Rfe8 31. Qb3 Qxb3 32. axb3 Rad8 33. Rc4 Rd6 34. Rxd6 Bxd6 35. Nb5 Bg3 36. Rc1 Rb8 37. Nd4 Be5 38. Nc6 Rb5 39. Nxe5+ Rxe5 40. Rc4 Rb5 41. b4 Ke6 42. Kf2 Nd5 43. Rh4 Nxb4 44. Rh6+ Kf7 45. Rh7+ Kg6 46. Rc7 Nd3+ 47. Ke3 Ne5 48. g3 Rb4 49. Re7 Ng4+ 50. Kf3 Nf6 51. Rc7 Rb3+ 52. Kg2 Kf5 53. Rc4 Ke5 54. Rf4 Nd5 55. Rh4 Ne3+ 56. Kh3 Nf5 57. Rg4 Ne3 58. Rg8 Rb1 59. Kh4 Nf5+ 60. Kh3 Rg1 61. Kh2 Rxg3 62. Rxg3 Nxg3 1/2-1/2

[Event "Titled Tuesday intern op 26th Jul Early"]
[Site "Chess.com INT"]
[Date "2022.07.26"]
[Round "9"]
[White "Cnejev, Vladimir Alexandru"]
[Black "Gajwa, Ankit"]
[Result "1-0"]
[WhiteElo "2172"]
[BlackElo "2245"]
[PlyCount "39"]
[EventDate "2022.07.26"]
[EventType "swiss (blitz)"]
[EventRounds "11"]
[EventCountry "USA"]
[SourceTitle "EXT 2023"]
[Source "ChessBase"]
[SourceDate "2022.10.05"]
[SourceVersion "1"]
[SourceVersionDate "2022.10.05"]
[SourceQuality "1"]

1. e4 c5 2. Nf3 d6 3. Bb5+ Nd7 4. 0-0 Ngf6 5. Re1 a6 6. Bf1 b6 7. c3 Bb7 8. d3 e6 9. Nbd2 Be7 10. a4 0-0 11. d4 cxd4 12. cxd4 Rc8 13. Bd3 d5 14. e5 Ne8 15. Qe2 Nc7 16. Nf1 f5 17. exf6 Bxf6 18. Ng3 Re8 19. Bf4 Nb8 20. Ne5 1-0

[Event "Titled Tuesday intern op 25th Jan"]
[Site "Chess.com INT"]
[Date "2022.01.25"]
[Round "4"]
[White "Gajwa, Ankit"]
[Black "Seo, Jung Min"]
[Result "0-1"]
[WhiteElo "2245"]
[BlackElo "2466"]
[PlyCount "112"]
[EventDate "2022.01.25"]
[EventType "swiss (blitz)"]
[EventRounds "11"]
[EventCountry "USA"]
[SourceTitle "CBM 206 Extra"]
[Source "ChessBase"]
[SourceDate "2022.03.31"]
[SourceVersion "1"]
[SourceVersionDate "2022.03.31"]
[SourceQuality "1"]

1. e4 c6 2. d4 d5 3. Nd2 dxe4 4. Nxe4 Nd7 5. Ng5 Ngf6 6. Bd3 e6 7. N1f3 Bd6 8. Qe2 h6 9. Ne4 Nxe4 10. Qxe4 Nf6 11. Qe2 Qc7 12. b3 b6 13. Bb2 Bb7 14. Ne5 0-0-0 15. 0-0-0 Rhf8 16. Kb1 Kb8 17. Rhf1 c5 18. dxc5 Bxc5 19. f4 Bd4 20. g4 Bxb2 21. Kxb2 Nd5 22. c4 Nb4 23. Be4 Rfe8 24. Bxb7 Kxb7 25. a3 Nc6 26. Qe4 f6 27. Rxd8 Rxd8 28. Nxc6 Qxc6 29. Qxc6+ Kxc6 30. Kc3 a5 31. b4 axb4+ 32. axb4 Ra8 33. Re1 Kd6 34. Rd1+ Kc6 35. Kb3 Re8 36. b5+ Kc7 37. Kb4 e5 38. fxe5 Rxe5 39. Ra1 Rg5 40. h3 h5 41. gxh5 Rxh5 42. Ra7+ Kb8 43. Rxg7 Rxh3 44. Rf7 Rf3 45. Rf8+ Kc7 46. Rf7+ Kc8 47. Rg7 f5 48. Rf7 Kb8 49. Rg7 Rf1 50. Kc3 f4 51. Kd4 f3 52. Kd5 f2 53. Rg8+ Kc7 54. Rg7+ Kd8 55. Kc6 Rg1 56. Rf7 f1Q 0-1

[Event "Titled Tuesday intern op 25th Jan"]
[Site "Chess.com INT"]
[Date "2022.01.25"]
[Round "2"]
[White "Gelman, Alexander"]
[Black "Gajwa, Ankit"]
[Result "0-1"]
[WhiteElo "2403"]
[BlackElo "2245"]
[PlyCount "106"]
[EventDate "2022.01.25"]
[EventType "swiss (blitz)"]
[EventRounds "11"]
[EventCountry "USA"]
[SourceTitle "CBM 206 Extra"]
[Source "ChessBase"]
[SourceDate "2022.03.31"]
[SourceVersion "1"]
[SourceVersionDate "2022.03.31"]
[SourceQuality "1"]

1. d4 Nf6 2. Nc3 d5 3. Bf4 g6 4. e3 Bg7 5. Nb5 Na6 6. h4 0-0 7. h5 c6 8. Nc3 c5 9. hxg6 hxg6 10. Bxa6 bxa6 11. Nf3 Ne4 12. Nxe4 dxe4 13. Ne5 cxd4 14. exd4 Qb6 15. Qd2 Qxb2 16. Rd1 Rd8 17. Nc6 Rd7 18. Bh6 Bf6 19. Bg5 Bg7 20. Nxe7+ Kf8 21. Qf4 Qb4+ 22. c3 Qxc3+ 23. Kf1 Rxd4 24. Rc1 Qd3+ 25. Kg1 Be6 26. Bf6 Qd2 27. Bxg7+ Kxg7 28. Qe5+ f6 29. Qc5 Qd3 30. Qc7 Rd7 31. Qc6 Bf7 32. Qxa8 e3 33. Nxg6 exf2+ 34. Kxf2 Kxg6 35. Qf3 Qd2+ 36. Kg3 Rd3 37. Rcf1 Rxf3+ 38. Rxf3 Qd6+ 39. Kf2 Be6 40. Rh4 Bd5 41. Rg3+ Kf7 42. Rd4 Qc5 43. Rgd3 Bxa2 44. Kf3 Be6 45. Rd6 Qf5+ 46. Ke3 Qe5+ 47. Kd2 a5 48. Ra6 a4 49. Rxa7+ Kg6 50. Re3 Qb2+ 51. Ke1 Qc1+ 52. Kf2 Qc5 53. Kf3 Qxa7 0-1

[Event "Titled Tuesday intern op 29th Sept"]
[Site "Chess.com INT"]
[Date "2020.09.29"]
[Round "1"]
[White "Gajwa, Ankit"]
[Black "Gazik, Viktor"]
[Result "0-1"]
[WhiteElo "2245"]
[BlackElo "2539"]
[PlyCount "64"]
[EventDate "2020.09.29"]
[EventType "swiss (blitz)"]
[EventRounds "10"]
[EventCountry "USA"]
[SourceTitle "CBM 198 Extra"]
[Source "ChessBase"]
[SourceDate "2020.11.30"]
[SourceVersion "1"]
[SourceVersionDate "2020.11.30"]
[SourceQuality "1"]

1. e4 c5 2. Nf3 Nf6 3. Nc3 d6 4. d4 cxd4 5. Nxd4 a6 6. Bg5 Nbd7 7. f4 g6 8. Qf3 Bg7 9. 0-0-0 Qc7 10. h4 h6 11. Bxf6 Nxf6 12. f5 0-0 13. g4 Nd7 14. Nd5 Qd8 15. g5 h5 16. Qe2 Ne5 17. Nf3 Bd7 18. Nxe5 Bxe5 19. Kb1 Rc8 20. Bg2 Rc5 21. Bf3 e6 22. fxe6 fxe6 23. Nb4 Qb6 24. Nd3 Bb5 25. b3 Qa5 26. c4 Bxc4 27. bxc4 Rxc4 28. Nc1 Rb4+ 29. Nb3 Rxb3+ 30. axb3 Qa1+ 31. Kc2 Qb2+ 32. Kd3 Qc3# 0-1

[Event "Titled Tuesday intern op 29th Sept"]
[Site "Chess.com INT"]
[Date "2020.09.29"]
[Round "2"]
[White "Nithyalakshmi, Sivanesan"]
[Black "Gajwa, Ankit"]
[Result "1/2-1/2"]
[WhiteElo "1945"]
[BlackElo "2245"]
[PlyCount "34"]
[EventDate "2020.09.29"]
[EventType "swiss (blitz)"]
[EventRounds "10"]
[EventCountry "USA"]
[SourceTitle "CBM 198 Extra"]
[Source "ChessBase"]
[SourceDate "2020.11.30"]
[SourceVersion "1"]
[SourceVersionDate "2020.11.30"]
[SourceQuality "1"]

1. e4 e5 2. Nf3 Nc6 3. Bc4 Nf6 4. d3 Be7 5. c3 0-0 6. h3 d5 7. exd5 Nxd5 8. 0-0 Nb6 9. Bb3 Bf5 10. Bc2 Qd7 11. Re1 Rad8 12. Nxe5 Nxe5 13. Rxe5 Bxd3 14. Bxd3 Qxd3 15. Qe1 Bf6 16. Re3 Qc2 17. Re2 Rd2 1/2-1/2

[Event "Titled Tuesday intern op 29th Sept"]
[Site "Chess.com INT"]
[Date "2020.09.29"]
[Round "5"]
[White "Szustakowski, Antoni"]
[Black "Gajwa, Ankit"]
[Result "1-0"]
[WhiteElo "2242"]
[BlackElo "2245"]
[PlyCount "77"]
[EventDate "2020.09.29"]
[EventType "swiss (blitz)"]
[EventRounds "10"]
[EventCountry "USA"]
[SourceTitle "CBM 198 Extra"]
[Source "ChessBase"]
[SourceDate "2020.11.30"]
[SourceVersion "1"]
[SourceVersionDate "2020.11.30"]
[SourceQuality "1"]

1. d4 Nf6 2. c4 e6 3. Nf3 d5 4. Nc3 Be7 5. Bg5 0-0 6. e3 b6 7. Be2 Bb7 8. Bxf6 Bxf6 9. cxd5 exd5 10. 0-0 Nd7 11. Rc1 Re8 12. b4 c6 13. a4 Nf8 14. Qb3 Ne6 15. Rfd1 a5 16. b5 c5 17. dxc5 Nxc5 18. Qa2 Bxc3 19. Rxc3 Qf6 20. Rc2 Rac8 21. Rdc1 g6 22. Nd4 Ne4 23. Bf3 Rxc2 24. Rxc2 Ng5 25. h3 Nxf3+ 26. Nxf3 d4 27. Nxd4 Re4 28. Rc7 Re7 29. Rxe7 Qxe7 30. Qc4 Be4 31. Ne2 Qb4 32. Qc8+ Kg7 33. Qc3+ Kh6 34. Kh2 Qxa4 35. Qf6 Bf5 36. Ng3 Qxb5 37. Qxf7 Bd3 38. Qf8+ Kg5 39. h4+ 1-0

[Event "Titled Tuesday intern op 12th May"]
[Site "Chess.com INT"]
[Date "2020.05.12"]
[Round "4"]
[White "Kornyukov, Alexey"]
[Black "Gajwa, Ankit"]
[Result "1-0"]
[WhiteElo "2452"]
[BlackElo "2245"]
[PlyCount "74"]
[EventDate "2020.05.12"]
[EventType "swiss (blitz)"]
[EventRounds "10"]
[EventCountry "USA"]
[SourceTitle "EXT 2021"]
[Source "ChessBase"]
[SourceDate "2020.10.23"]
[SourceVersion "1"]
[SourceVersionDate "2020.10.23"]
[SourceQuality "1"]

1. d4 Nf6 2. c4 e6 3. Nc3 d5 4. cxd5 exd5 5. Bg5 Be7 6. e3 0-0 7. Bd3 c6 8. Qc2 Nbd7 9. Nf3 Re8 10. h3 Nf8 11. Bf4 Ne6 12. Bh2 Bd6 13. Bxd6 Qxd6 14. 0-0-0 Bd7 15. Kb1 Rac8 16. g4 c5 17. g5 Ne4 18. Bxe4 dxe4 19. Nxe4 Qb6 20. d5 Nd4 21. exd4 cxd4 22. Qd3 Bf5 23. Rhe1 Qg6 24. Nfd2 Qxg5 25. Qxd4 Qg2 26. Ka1 Bg6 27. d6 Red8 28. Re3 Rc2 29. a3 Qh2 30. Nb3 Qf4 31. d7 h6 32. Nf6+ Qxf6 33. Qxf6 gxf6 34. Re8+ Kg7 35. Rxd8 Rc7 36. Rg8+ Kxg8 37. d8Q+ Kg7 1-0

[Event "Titled Tuesday intern op 12th May"]
[Site "Chess.com INT"]
[Date "2020.05.12"]
[Round "2"]
[White "Pasti, Aron"]
[Black "Gajwa, Ankit"]
[Result "0-1"]
[WhiteElo "2338"]
[BlackElo "2245"]
[PlyCount "44"]
[EventDate "2020.05.12"]
[EventType "swiss (blitz)"]
[EventRounds "10"]
[EventCountry "USA"]
[SourceTitle "EXT 2021"]
[Source "ChessBase"]
[SourceDate "2020.10.23"]
[SourceVersion "1"]
[SourceVersionDate "2020.10.23"]
[SourceQuality "1"]

1. e4 d5 2. exd5 Nf6 3. d4 Nxd5 4. c4 Nb6 5. Nf3 g6 6. Be3 Bg7 7. h3 0-0 8. Nc3 Nc6 9. Be2 e5 10. d5 Na5 11. Bxb6 axb6 12. b4 e4 13. Nxe4 Qe7 14. Ng3 Qxb4+ 15. Kf1 Bxa1 16. Qxa1 Nxc4 17. Ne4 Qb2 18. Qe1 Rxa2 19. Bxc4 Ra1 20. Nfd2 Rxe1+ 21. Kxe1 Qc1+ 22. Ke2 Qxh1 0-1

[Event "Titled Tuesday intern op 21st April"]
[Site "Chess.com INT"]
[Date "2020.04.21"]
[Round "1"]
[White "Nakamura, Hikaru"]
[Black "Gajwa, Ankit"]
[Result "1-0"]
[WhiteElo "2736"]
[BlackElo "2245"]
[PlyCount "20"]
[EventDate "2020.04.21"]
[EventType "swiss (blitz)"]
[EventRounds "10"]
[EventCountry "USA"]
[SourceTitle "EXT 2021"]
[Source "ChessBase"]
[SourceDate "2020.10.23"]
[SourceVersion "1"]
[SourceVersionDate "2020.10.23"]
[SourceQuality "1"]

1. Nf3 Nf6 2. b3 g6 3. Bb2 Bg7 4. d4 0-0 5. e3 d6 6. Be2 b6 7. 0-0 Bb7 8. c4 Nbd7 9. Qc2 Ne4 10. Rd1 c6 1-0

[Event "Titled Tuesday intern op1 3rd March  "]
[Site "Chess.com INT"]
[Date "2020.03.03"]
[Round "3"]
[White "Gajwa, Ankit"]
[Black "Jones, Gawain C B"]
[Result "1-0"]
[WhiteElo "2245"]
[BlackElo "2678"]
[PlyCount "143"]
[EventDate "2020.03.03"]
[EventType "swiss (blitz)"]
[EventRounds "10"]
[EventCountry "USA"]
[SourceTitle "EXT 2021"]
[Source "ChessBase"]
[SourceDate "2020.10.23"]
[SourceVersion "1"]
[SourceVersionDate "2020.10.23"]
[SourceQuality "1"]

1. d4 Nf6 2. c4 g6 3. Nc3 Bg7 4. e4 d6 5. Nf3 0-0 6. Be2 Nbd7 7. 0-0 e5 8. d5 Nc5 9. Bg5 h6 10. Bxf6 Qxf6 11. b4 Na6 12. a3 Qe7 13. Nd2 f5 14. Nb3 Bd7 15. Rc1 Qg5 16. c5 f4 17. Kh1 h5 18. c6 Bc8 19. b5 Nb8 20. cxb7 Bxb7 21. Nb1 Rf7 22. Rc3 Bc8 23. Qc2 Nd7 24. Rxc7 Nb6 25. Rxf7 Kxf7 26. Qc7+ Qe7 27. Rc1 Bd7 28. Qb7 Rc8 29. Rxc8 Nxc8 30. Na5 Ke8 31. Nc6 Qh4 32. Nb8 Qd8 33. Nc3 Bf8 34. b6 Nxb6 35. Nxd7 Nxd7 36. Qxa7 Qb8 37. Qxb8+ Nxb8 38. Kg1 Be7 39. Kf1 Bd8 40. Bb5+ Ke7 41. Ke2 Bb6 42. f3 g5 43. Kd3 g4 44. h3 Kf6 45. hxg4 hxg4 46. Ne2 Kg5 47. Nc3 Kh4 48. Na4 Ba7 49. Ke2 Kg3 50. fxg4 Kxg2 51. g5 f3+ 52. Kd1 Be3 53. g6 Bh6 54. Nc3 f2 55. a4 f1Q+ 56. Bxf1+ Kxf1 57. Nb5 Kf2 58. Nxd6 Kf3 59. Nf7 Bg7 60. d6 Kxe4 61. a5 Kf5 62. a6 Nxa6 63. d7 Bf6 64. g7 Bxg7 65. d8Q Nc5 66. Qc8+ Kf6 67. Qxc5 Kxf7 68. Qd5+ Kf6 69. Ke2 Kf5 70. Kf3 Bf6 71. Qf7 Kg5 72. Ke4 1-0

[Event "Titled Tuesday intern op1 3rd March  "]
[Site "Chess.com INT"]
[Date "2020.03.03"]
[Round "2"]
[White "Gajwa, Ankit"]
[Black "Kozak, Alexandr"]
[Result "1-0"]
[WhiteElo "2245"]
[BlackElo "2220"]
[PlyCount "105"]
[EventDate "2020.03.03"]
[EventType "swiss (blitz)"]
[EventRounds "10"]
[EventCountry "USA"]
[SourceTitle "EXT 2021"]
[Source "ChessBase"]
[SourceDate "2020.10.23"]
[SourceVersion "1"]
[SourceVersionDate "2020.10.23"]
[SourceQuality "1"]

1. e4 e5 2. Nf3 Nc6 3. Bb5 f5 4. Nc3 fxe4 5. Nxe4 Nf6 6. Nxf6+ Qxf6 7. Qe2 Be7 8. d4 Nxd4 9. Nxd4 exd4 10. 0-0 c6 11. Re1 cxb5 12. Qh5+ Qf7 13. Qe5 0-0 14. Re2 Bf6 15. Qxb5 d5 16. Bf4 Bf5 17. Rae1 h6 18. Be5 Bxe5 19. Rxe5 Bxc2 20. f3 d3 21. Qb4 Rfe8 22. Re7 Rxe7 23. Rxe7 d2 24. Rxf7 d1Q+ 25. Kf2 Kxf7 26. Qxb7+ Kg6 27. Qxa8 Qd2+ 28. Kg3 Qg5+ 29. Kf2 Qd2+ 30. Kg3 Qd4 31. Qc6+ Kh7 32. Qxc2+ g6 33. Qe2 h5 34. h4 Kh6 35. b3 Qf6 36. Qe3+ g5 37. hxg5+ Qxg5+ 38. Qxg5+ Kxg5 39. Kf2 h4 40. Ke3 Kf5 41. b4 Ke5 42. a4 d4+ 43. Kd3 Kf4 44. Kxd4 Kg3 45. f4 Kxg2 46. f5 h3 47. f6 h2 48. f7 h1Q 49. f8Q Qf1 50. Qxf1+ Kxf1 51. b5 Ke2 52. a5 Kd2 53. b6 1-0

[Event "Titled Tuesday intern op1 3rd March  "]
[Site "Chess.com INT"]
[Date "2020.03.03"]
[Round "6"]
[White "Maksimovic, Bojan"]
[Black "Gajwa, Ankit"]
[Result "1-0"]
[WhiteElo "2398"]
[BlackElo "2245"]
[PlyCount "55"]
[EventDate "2020.03.03"]
[EventType "swiss (blitz)"]
[EventRounds "10"]
[EventCountry "USA"]
[SourceTitle "EXT 2021"]
[Source "ChessBase"]
[SourceDate "2020.10.23"]
[SourceVersion "1"]
[SourceVersionDate "2020.10.23"]
[SourceQuality "1"]

1. e4 c5 2. Nf3 d6 3. d4 cxd4 4. Nxd4 Nf6 5. Nc3 Nc6 6. Be2 e5 7. Nf3 h6 8. 0-0 Be7 9. Re1 Be6 10. Bf1 Nb8 11. Nd5 Nxd5 12. exd5 Bf5 13. c4 0-0 14. a3 a5 15. b3 Nd7 16. Bb2 Qb6 17. Bc3 Rfe8 18. b4 axb4 19. axb4 Rxa1 20. Qxa1 Bh7 21. Nd2 Nf6 22. c5 dxc5 23. Nc4 Qd8 24. d6 Bxd6 25. Rd1 Ne4 26. Nxd6 Nxd6 27. bxc5 Qc7 28. cxd6 1-0

[Event "IND-ch 57th"]
[Site "Majitar"]
[Date "2019.12.11"]
[Round "3"]
[White "Gajwa, Ankit"]
[Black "Das, Arghyadip"]
[Result "1/2-1/2"]
[WhiteElo "2274"]
[BlackElo "2459"]
[PlyCount "68"]
[EventDate "2019.12.10"]
[EventType "swiss"]
[EventRounds "11"]
[EventCountry "IND"]
[SourceTitle "CBM 193 Extra"]
[Source "ChessBase"]
[SourceDate "2020.01.31"]
[SourceVersion "1"]
[SourceVersionDate "2020.01.31"]
[SourceQuality "1"]

1. e4 c5 2. Nf3 e6 3. d4 cxd4 4. Nxd4 a6 5. Nc3 Qc7 6. Bd3 Nf6 7. Qe2 d6 8. f4 Be7 9. Bd2 b5 10. a3 Nbd7 11. g4 Nb6 12. g5 Nfd7 13. 0-0-0 Bb7 14. Rhf1 Rc8 15. Kb1 Nc4 16. Be1 Ndb6 17. f5 Bxg5 18. fxe6 0-0 19. Qh5 Be3 20. exf7+ Rxf7 21. Nf5 g6 22. Nh6+ Bxh6 23. Qxh6 Ne5 24. Rxf7 Qxf7 25. Be2 d5 26. Bg3 Ned7 27. Rf1 Qe6 28. h3 Rf8 29. Rxf8+ Nxf8 30. Bg4 Qf7 31. exd5 Nxd5 32. Nxd5 Bxd5 33. Qf4 Qxf4 34. Bxf4 Ne6 1/2-1/2

[Event "Abu Dhabi op 26th"]
[Site "Abu Dhabi"]
[Date "2019.08.09"]
[Round "8"]
[White "Gajwa, Ankit"]
[Black "Tarini, Goyal"]
[Result "1/2-1/2"]
[WhiteElo "2302"]
[BlackElo "2038"]
[PlyCount "52"]
[EventDate "2019.08.02"]
[EventType "swiss"]
[EventRounds "9"]
[EventCountry "UAE"]
[SourceTitle "CBM 191 Extra"]
[Source "ChessBase"]
[SourceDate "2019.09.30"]
[SourceVersion "1"]
[SourceVersionDate "2019.09.30"]
[SourceQuality "1"]

1. e4 c6 2. d4 d5 3. Nd2 dxe4 4. Nxe4 Bf5 5. Ng3 Bg6 6. h4 h6 7. Nf3 e6 8. Ne5 Bh7 9. Bd3 Bxd3 10. Qxd3 Nd7 11. f4 Be7 12. Nh5 Ngf6 13. Nxg7+ Kf8 14. Nxe6+ fxe6 15. Bd2 Rh7 16. g4 Kg8 17. Rg1 Nxe5 18. fxe5 Ne8 19. 0-0-0 Bxh4 20. g5 hxg5 21. Rdf1 Ng7 22. Rf6 Nf5 23. Rg4 Qd5 24. c4 Qd7 25. d5 cxd5 26. cxd5 Rd8 1/2-1/2

[Event "Abu Dhabi op 26th"]
[Site "Abu Dhabi"]
[Date "2019.08.08"]
[Round "7"]
[White "Tashkhodzhaev, Akram"]
[Black "Gajwa, Ankit"]
[Result "1/2-1/2"]
[WhiteElo "2123"]
[BlackElo "2302"]
[PlyCount "96"]
[EventDate "2019.08.02"]
[EventType "swiss"]
[EventRounds "9"]
[EventCountry "UAE"]
[SourceTitle "CBM 191 Extra"]
[Source "ChessBase"]
[SourceDate "2019.09.30"]
[SourceVersion "1"]
[SourceVersionDate "2019.09.30"]
[SourceQuality "1"]

1. e4 c5 2. Nf3 d6 3. d4 cxd4 4. Nxd4 Nf6 5. f3 e5 6. Nb3 Be6 7. c4 a5 8. Be3 Be7 9. Be2 a4 10. N3d2 Qa5 11. 0-0 Nbd7 12. Na3 0-0 13. Rc1 Bd8 14. Nb5 Bb6 15. Bf2 Rfd8 16. Nb1 Rac8 17. Qd2 Bxf2+ 18. Kxf2 Qb6+ 19. Qe3 Rc5 20. N1a3 d5 21. cxd5 Bxd5 22. Rfd1 Rxc1 23. Rxc1 Bxa2 24. Rc7 Qxe3+ 25. Kxe3 b6 26. Ra7 Bb3 27. Nc4 g6 28. Rb7 Bxc4 29. Bxc4 Rc8 30. Bxf7+ Kf8 31. Be6 Rc5 32. Na3 Ke7 33. Bxd7 Nxd7 34. Ra7 b5 35. Rb7 Kd6 36. Nxb5+ Kc6 37. Rc7+ Kxb5 38. Rxd7 Rc2 39. Rd2 Rxd2 40. Kxd2 Kc4 41. Kc2 g5 42. h4 gxh4 43. Kd2 Kb3 44. Kc1 Kc4 45. Kc2 Kd4 46. Kd2 Kc4 47. Kc2 Kd4 48. Kd2 Kc4 1/2-1/2